| 000 | 01685nam a2200241Ia 4500 | ||
|---|---|---|---|
| 008 | 260220t1969||||xx |||||||||||||| ||spa|| | ||
| 040 |
_aPY-SlUNAC _bspa _erda |
||
| 041 | _aspa | ||
| 082 |
_a540 _bK25c |
||
| 100 |
_aKeen, Martin L. _eAutor |
||
| 245 | 0 |
_aCómo y por qué de la química / _cpor Martin L. Keen [Autor] |
|
| 264 |
_aBarcelona : _bModelo, _c℗1969. |
||
| 300 | _a45 páginas | ||
| 520 | _aEn "Como y por qué de la Química", Martin L. Keen presenta una introducción accesible a los principios fundamentales de la química, orientada a un público general y a estudiantes que inician su formación en esta ciencia. A lo largo de sus capítulos, Keen explora conceptos clave como la estructura atómica, los enlaces químicos y las reacciones, utilizando ejemplos cotidianos que facilitan la comprensión de fenómenos químicos que ocurren en la vida diaria. El autor enfatiza la importancia de la química en diversas áreas, como la biología, la medicina y la industria, promoviendo un enfoque interdisciplinario que resalta la relevancia de esta ciencia en el contexto global. Además, el libro incluye ilustraciones y gráficos que complementan la información, haciendo más amena la lectura. Keen logra así no solo informar, sino también despertar la curiosidad del lector por el estudio de la química, animándolo a explorar más a fondo el fascinante mundo de la materia y sus interacciones. | ||
| 653 | _aEducación | ||
| 653 | _aMétodos de enseñanza | ||
| 653 | _aQuímica | ||
| 942 |
_b2026/02/17 _cBK |
||
| 999 |
_c7855 _d7855 |
||